La Dura ley de un sistema de dominación /
Spremljeno u:
| Glavni autor: | |
|---|---|
| Format: | Tekst |
| Teme: | |
| Oznake: |
Dodaj oznaku
Bez oznaka, Budi prvi tko označuje ovaj zapis!
|
MARC
| LEADER | 00000 a a2200000 04500 | ||
|---|---|---|---|
| 001 | 5056 | ||
| 003 | |||
| 040 | |||
| 100 | |a Pasquini, Giancarlo | ||
| 245 | |a La Dura ley de un sistema de dominación / |c Giancarlo Pasquini | ||
| 650 | |a AGRESION | ||
| 773 | |g número 66; páginas 28-36 | ||
| 999 | |c 35276 |d 35276 | ||
